Colombiens célèbres par images - Statistiques

Statistiques générales
  • Ce quiz a été pris 270 fois
  • Le résultat moyen est 7 sur 16
Statistiques - réponses
Par images Réponse % Correct
Shakira
99%
Pablo Escobar
94%
James Rodríguez
72%
Radamel Falcao
57%
Maluma
56%
J. Balvin
50%
Sofia Vergara
50%
Carlos Valderrama
37%
Gabriel García Márquez
33%
Egan Bernal
29%
Íngrid Betancourt
26%
Álvaro Uribe
23%
Juan Manuel Santos
20%
Fernando Botero
19%
John Leguizamo
5%
Erick Morillo
1%
Aucun quiz correspondant
Distribution des résultats
% des personnes avec chaque résultat
Percentile par nombre de réponses
Votre historique - résultats
Vous n’avez pas pris ce quiz